Smart kancelária bakalárska práca

Enregistré dans:
Détails bibliographiques
Auteur principal: Nikitchenkova, Tetiana
Collectivité auteur: Fakulta hospodárskej informatiky EU. Katedra aplikovanej informatiky
Autres auteurs: Procházka, Peter, 1968-
Format: Livre
Langue:slovaque
Publié: Bratislava 2024
Tags: Ajouter un tag
Pas de tags, Soyez le premier à ajouter un tag!

MARC

LEADER 00000nbm a2200000 4500
001 0302552
005 20250124131123.0
041 0 |a slo 
044 |a SK 
245 1 0 |a Smart kancelária  |b bakalárska práca  |c Tetiana Nikitchenkova ; školiteľ: Peter Procházka 
264 1 |a Bratislava  |c 2024 
300 |a 45 s. 
100 1 |a Nikitchenkova, Tetiana 
700 1 |a Procházka, Peter, 1968- 
710 2 |a Fakulta hospodárskej informatiky EU. Katedra aplikovanej informatiky